000 00740nam a2200277Ia 4500
003 OSt
005 20221006145011.0
006 a|||||r|||| 00| 0
007 ta
008 221006b |||||||| |||| 00| 0 eng d
020 _aB0006EEW7C
_c100.00
024 _a13,460
037 _cTextual
040 _aEASL
_cEASL
_beng
041 _2eng
_aeng
082 _aV2:19(zK), M3
100 _aROY Gandhijee
_996586
245 0 _aNon-aligned diiplomacy of Mrs. Indira Gandhi
260 _aPatna
_bJanaki Prakashan India
_c1983
300 _a311p.
_ccm.
490 _v Gen
650 _a Gen
650 _aIndia - Disarmament
_9653309
942 _hV2:19(zK), M3
_cTEXL
_2CC
999 _c1081546
_d1081546